PASSWORD. Anglický výkladový slovník so slovenskými ekvivalentami
Na minha lista:
| Formato: | Livro |
|---|---|
| Idioma: | idiomas múltiplos |
| Publicado em: |
Bratislava :
Slovenské pedagogické nakladateľstvo,
1996
|
| Edição: | 3.dopl.vyd. |
| Tags: |
Sem tags, seja o primeiro a adicionar uma tag!
|
MARC
| LEADER | 00000nam a22000003a 4500 | ||
|---|---|---|---|
| 001 | stu8632 | ||
| 005 | 20150408162634.7 | ||
| 008 | 960329s1996----xo------------------mul-d | ||
| 020 | |a 80-08-00965-9 | ||
| 040 | |a STU |b slo | ||
| 041 | 0 | |a mul | |
| 044 | |a xo | ||
| 080 | |a 802.0-3 |7 stu_us_auth*stu8003 | ||
| 245 | |a PASSWORD. Anglický výkladový slovník so slovenskými ekvivalentami | ||
| 250 | |a 3.dopl.vyd. | ||
| 260 | |a Bratislava : |b Slovenské pedagogické nakladateľstvo, |c 1996 | ||
| 300 | |a 860 s | ||
| 996 | |b E80521 |c E*80521 |l EE10 |s P |a 0 |w stu8632_0001 | ||
| 996 | |c I*22S5013 |l I |s A |a 24 |w stu8632_0003 | ||